|
|
|
|
| LEADER |
00000cam a2200000 7i4500 |
| 001 |
0000004377 |
| 005 |
20220105104000.0 |
| 008 |
070726 |
| 020 |
|
|
|a 1904668844
|
| 090 |
0 |
0 |
|a JP
|b EL ENG
|
| 100 |
1 |
|
|a Law, Felicia
|
| 245 |
1 |
0 |
|a Feelings :
|b a first poem book about feelings
|c Felicia Law; illustrated by Paula Knight
|
| 260 |
|
|
|a London :
|b Mercury Junior ,
|c 2005
|
| 440 |
|
|
|a Patchwork
|
| 500 |
|
|
|a Children age 4-6 years old (yellow)
|
| 650 |
|
0 |
|a Early learning
|
| 650 |
|
0 |
|a Junior preschool
|x English
|x Languages
|
| 700 |
1 |
|
|a Knight, Paula
|
| 999 |
|
|
|a 0000973322
|b Book
|c Children Collection
|e Perbadanan Perpustakaan Awam Johor
|
| 999 |
|
|
|a 0000973323
|b Book
|c Children Collection
|e Perbadanan Perpustakaan Awam Johor
|
| 999 |
|
|
|a 0001040580
|b Book
|c Children Collection
|e Perbadanan Perpustakaan Awam Johor
|